000 01150nam a2200277I 4500
001 withgodallthings00life
003 CaSfIA
005 20210119123204.0
007 cr||||
008 770624s1974 nyu 000 0 eng d
040 _aTLT
_cTLT
_dCaSfIA
035 _a(OCoLC)3066564
082 4 _a291.432
090 _aBV4905
_b.L49 1974
110 2 _aLife Study Fellowship.
245 1 0 _a"With God all things are possible!"/
_h[electronic resource]
260 _aNew York:
_bBantam,
_c1974.
300 _a280 p.
650 0 _aConsolation.
650 0 _aDevotional exercises.
856 4 1 _uhttp://www.archive.org/details/withgodallthings00life
_zFree eBook from the Internet Archive
856 4 2 _uhttp://www.openlibrary.org/books/OL24224247M
_zAdditional information and access via Open Library
942 _cEB
506 _fНеобхідна авторизація на https://archive.org/ (створення облікового запису безкоштовно)
506 _fНеобхідна авторизація на https://openlibrary.org/ (створення облікового запису безкоштовно)
999 _c566896
_d566896